|
|
|
|
| LEADER |
00000naa2a2200000 4500 |
| 001 |
161558 |
| 005 |
20231031155930.0 |
| 035 |
|
|
|a (RuTPU)RU\TPU\book\175201
|
| 090 |
|
|
|a 161558
|
| 100 |
|
|
|a 20090609d2008 k y0rusy50 ca
|
| 101 |
0 |
|
|a rus
|
| 102 |
|
|
|a RU
|
| 200 |
1 |
|
|a Периодическая система Д. И. Менделеева и её предполагаемый предел
|f В. С. Матвеев, А. В. Градобоев, К. В. Баннов
|
| 463 |
|
0 |
|0 (RuTPU)RU\TPU\book\164827
|t Инновационные технологии и экономика в машиностроении
|o труды VI Всероссийской научно-практической конференции с международным участием, 15-16 мая 2008 года, Юрга
|f Томский политехнический университет (ТПУ), Юргинский технологический институт (ЮТИ)
|v С. 204-208
|d 2008
|p 479 с.
|
| 600 |
|
1 |
|a Менделеев
|g Дмитрий Иванович
|b Д. И.
|c учёный-энциклопедист, химик, педагог
|f 1834-1907
|c член-корреспондент Петербургской АН
|2 stltpush
|3 (RuTPU)RU\TPU\pers\1367
|
| 610 |
1 |
|
|a Периодическая система
|
| 610 |
1 |
|
|a закономерности
|
| 610 |
1 |
|
|a труды учёных ТПУ
|
| 700 |
|
1 |
|a Матвеев
|b В. С.
|c доцент
|c Юргинский технологический институт (филиал) Томского политехнического университета
|f 1941-
|g Валерий Семёнович
|2 stltpush
|3 (RuTPU)RU\TPU\pers\24233
|
| 701 |
|
1 |
|a Градобоев
|b А. В.
|c профессор, доктор технических наук
|c Юргинский технологический институт (филиал) Томского политехнического университета
|g Александр Васильевич
|2 stltpush
|3 (RuTPU)RU\TPU\pers\24213
|
| 701 |
|
1 |
|a Баннов
|b К. В.
|
| 801 |
|
1 |
|a RU
|b 63413507
|c 20090609
|g PSBO
|
| 801 |
|
2 |
|a RU
|b 63413507
|c 20180111
|g RCR
|
| 942 |
|
|
|c BK
|